| 000 | 01298cam a22003977a 4500 | ||
|---|---|---|---|
| 003 | CHAP | ||
| 005 | 20220329142753.0 | ||
| 008 | 030819s197? es a r 00110 spa d | ||
| 010 | _a87559 | ||
| 011 | _a88531 | ||
| 035 | _a99076 | ||
| 040 | _cCHAP | ||
| 082 |
_a636.9 _bF47 1970 |
||
| 100 | 0 | 0 |
_aFerrer Palaus, José. _940405 |
| 245 | 1 | 3 |
_aEl arte de criar conejos y otros animales de pelo _c/por J. Ferrer y J. Valle |
| 250 | _a4 ed. | ||
| 260 |
_aBarcelona : _bAedos, _c197-? |
||
| 300 |
_a303 p. _b: ilus |
||
| 490 | 0 | _aBiblioteca agrícola Aedos | |
| 590 |
_aBATCH-UPD _b10 _c20130110 _lUCH01 _h0107 |
||
| 590 |
_aBATCH-UPD _b10 _c20130110 _lUCH01 _h1608 |
||
| 590 |
_aBATCH-UPD _b10 _c20130409 _lUCH01 _h2057 |
||
| 590 |
_aBATCH-UPD _b10 _c20130410 _lUCH01 _h1004 |
||
| 590 |
_aBATCH-UPD _b10 _c20130914 _lUCH01 _h0337 |
||
| 590 |
_aBATCH-UPD _b10 _c20130914 _lUCH01 _h2021 |
||
| 590 |
_aCONVERSION _b10 _c20130109 _lUCH01 _h1349 |
||
| 650 | 1 | 4 |
_aAnimales de peletería. _95884 |
| 650 | 1 | 4 |
_aChinchillas. _922583 |
| 650 | 1 | 4 |
_aCunicultura. _930449 |
| 700 | 0 |
_aValle Arribas, José. _9117576 |
|
| 830 | 0 |
_aBiblioteca agrícola Aedos _912228 |
|
| 901 | _aBK | ||
| 905 | _aAlejandra Carrasco M. | ||
| 942 | _cLIBRO | ||
| 949 |
_a636.9 F47 1970 _bBC _cLIBRO _d33724000897484 _eLIBRO _h103824 _i99076 _si |
||
| 999 |
_c87559 _d87559 |
||